Formula One: Most Wins Record Progression - Statistics

General Stats
  • This quiz has been taken 279 times
  • The average score is 9 of 9
Answer Stats
Record (GP wins) Driver Nationality Between % Correct
92-103 Lewis Hamilton United Kingdom October 25th 2020-
100%
52-91 Michael Schumacher Germany September 2nd 2001-October 25th 2020
100%
28-51 Alain Prost France September 20th 1987-September 2nd 2001
98%
3-6 Juan Manuel Fangio Argentina July 2nd 1950-August 17th 1952
97%
14-24 Juan Manuel Fangio Argentina January 16th 1955-January 1st 1968
97%
7-13 Alberto Ascari Italy August 17th 1952-January 16th 1955
95%
1-2 Giuseppe Farina Italy May 13th-July 2nd 1950
90%
26-27 Jackie Stewart United Kingdom July 29th 1973-September 20th 1987
88%
25 Jim Clark United Kingdom January 1st 1968-July 29th 1973
85%
No matching quizzes found
Score Distribution
Percent of People with Each Score
Percentile by Number Answered
Your Score History
You have not taken this quiz